[Event "Challenge"]
[Site "http://www.queenalice.com/game.php?id=924002"]
[Date "2011.4.9"]
[Round "-"]
[White "Nachgeburt888"]
[Black "ArneBausH"]
[Result "0-1"]
[WhiteElo "1269"]
[BlackElo "1528"]

1. Nf3 e6 2. g3 Qf6 3. Nc3 d5 4. Bh3 b6 5. Nb5 Na6 6. Nfd4 Bc5 7. d3 e5 8. Nb3
Qxf2+ 9. Kd2 Be3+ 10. Kc3 d4+ 11. Kc4 Be6+ 12. Bxe6 fxe6 13. Rf1 Qxh2 14. Qe1 c6
15. Nd6+ Kd7 16. Nf7 b5# 0-1

[Event "AUTO-INT-2023"]
[Site "http://www.queenalice.com/game.php?id=933596"]
[Date "2011.5.3"]
[Round "1"]
[White "ArneBausH"]
[Black "jamba"]
[Result "0-1"]
[WhiteElo "1597"]
[BlackElo "1454"]

1. e3 c5 2. Qf3 Nf6 3. Nh3 d6 4. b3 g6 5. Bb5+ Bd7 6. Qxb7 Bxb5 7. Qxb5+ Nfd7 8.
Qb7 Nb6 9. a4 a5 10. Bb2 e5 11. Ng5 Be7 12. f4 Bxg5 13. fxg5 O-O 14. O-O h5 15.
d4 Na6 16. dxc5 dxc5 17. Bxe5 Nd5 18. Nc3 Nxc3 19. Bxc3 Qxg5 20. Rxf7 Qxe3+ 21.
Kh1 Qxc3 22. Raf1 Rae8 23. Rxf8+ Rxf8 24. Rxf8+ Kxf8 25. Qb8+ Nxb8 0-1

[Event "AUTO-INT-2023"]
[Site "http://www.queenalice.com/game.php?id=933597"]
[Date "2011.5.3"]
[Round "1"]
[White "jamba"]
[Black "ArneBausH"]
[Result "1-0"]
[WhiteElo "1476"]
[BlackElo "1543"]

1. d4 e6 2. e3 c6 3. Bd3 Qg5 4. g4 b6 5. Nh3 Qd5 6. f3 Na6 7. Nc3 Qd6 8. Ne4 Qe7
9. Neg5 f6 10. Nxh7 Nb4 11. Bg6+ Kd8 12. c3 Nd5 13. Qd3 Qd6 14. Nf4 Nxf4 15.
exf4 c5 16. Qe4 Rb8 17. f5 Bb7 18. Qe2 Ne7 19. Be3 cxd4 20. cxd4 Qb4+ 21. Kf2
Nd5 22. fxe6 dxe6 23. g5 f5 24. b3 Qc3 25. Rac1 Qa5 26. a4 Ba6 27. Qc2 Qc3 28.
Qxc3 Nxc3 29. Rxc3 Rc8 30. Rcc1 Bd6 31. d5 exd5 32. Bxf5 Rc7 33. Rhd1 Bc5 34.
Rxd5+ 1-0

[Event "AUTO-INT-2023"]
[Site "http://www.queenalice.com/game.php?id=933598"]
[Date "2011.5.3"]
[Round "1"]
[White "ArneBausH"]
[Black "Nelsonbento"]
[Result "1-0"]
[WhiteElo "1536"]
[BlackElo "1481"]

1. e3 Nf6 2. Qf3 c6 3. g3 d5 4. Bh3 Bxh3 5. Nxh3 h6 6. O-O e5 7. d3 e4 8. Qd1 h5
9. dxe4 Nxe4 10. c3 g5 11. f3 g4 12. fxe4 gxh3 13. exd5 h4 14. g4 f5 15. Rxf5
Be7 16. Qd4 Bd6 17. dxc6 Nxc6 18. Qxh8+ Kd7 19. Qg7+ Qe7 20. Rf7 Re8 21. Rxe7+
Nxe7 22. Qf7 Rg8 23. Qh5 Ng6 24. Qf5+ Ke8 25. Qc8+ Kf7 26. Qxb7+ Ne7 27. b4
Rxg4+ 28. Kh1 Rg2 29. Qxg2 hxg2+ 30. Kxg2 Ng6 31. e4 Ke6 32. Nd2 Be5 33. Bb2 Kd7
34. a4 Kc6 35. b5+ Kb6 36. Nc4+ Kc5 37. Nxe5 Nxe5 38. Ba3+ Kc4 39. Bb2 Kb3 40.
Bc1 Kxc3 41. Kh3 Ng6 42. a5 Kc4 43. Rb1 Kc5 44. a6 Nf8 45. Be3+ Kc4 46. Bxa7 Nd7
47. b6 Kd4 48. b7+ Kxe4 49. b8=Q Nxb8 50. Bxb8 Kd3 51. a7 Kc2 52. Ra1 Kb2 53.
a8=Q 1-0

[Event "AUTO-INT-2023"]
[Site "http://www.queenalice.com/game.php?id=933599"]
[Date "2011.5.3"]
[Round "1"]
[White "Nelsonbento"]
[Black "ArneBausH"]
[Result "0-1"]
[WhiteElo "1536"]
[BlackElo "1549"]

1. e4 e6 2. a3 Qh4 3. g3 Qxe4+ 4. Qe2 Qxh1 5. Nf3 b6 6. Qe4 Ba6 7. d3 d5 8. Qe5
Qxf3 9. Qxc7 Nf6 10. Nd2 Qh5 11. b4 Nbd7 12. Be2 Qxh2 13. a4 Ng4 14. Bxg4 f5 15.
Be2 Bxb4 16. Qf4 Bc3 17. Rb1 Rc8 18. Qg5 Nc5 19. Bh5+ g6 20. Bxg6+ hxg6 21.
Qxg6+ Kd8 22. Ke2 Ne4 23. Qxe6 Qxf2+ 24. Kd1 Rh1+ 25. Nf1 Rxf1# 0-1

[Event "AUTO-INT-2023"]
[Site "http://www.queenalice.com/game.php?id=933600"]
[Date "2011.5.3"]
[Round "1"]
[White "ArneBausH"]
[Black "salso"]
[Result "0-1"]
[WhiteElo "1499"]
[BlackElo "1767"]

1. e3 d5 2. Qf3 Nf6 3. d4 c6 4. g3 Qc7 5. b3 e5 6. dxe5 Qxe5 7. c3 Bf5 8. Bd2
Be4 9. Qf4 Qxf4 10. exf4 Bxh1 11. f3 Bc5 12. Nh3 Bxf3 13. b4 Bb6 14. Ng5 Be4 15.
c4 Bg1 16. cxd5 cxd5 17. Nc3 Bd4 18. Rc1 O-O 19. Ngxe4 dxe4 20. Nb5 Bb6 21. Nd6
e3 22. Bc3 Nd5 23. Bc4 Nxc3 24. Rxc3 Nc6 25. a3 a5 26. b5 Nd8 27. Bd5 a4 28. Nc4
Ba5 29. Nxa5 Rxa5 30. Bc4 b6 31. Rxe3 Ne6 32. Kd2 Raa8 33. f5 Rad8+ 34. Kc3 Nc5
35. Kb4 Rfe8 36. Rf3 Re4 37. h4 Rdd4 38. Rf4 Rxc4# 0-1

[Event "AUTO-INT-2023"]
[Site "http://www.queenalice.com/game.php?id=933601"]
[Date "2011.5.3"]
[Round "1"]
[White "salso"]
[Black "ArneBausH"]
[Result "1-0"]
[WhiteElo "1706"]
[BlackElo "1563"]

1. d4 e6 2. e3 Qf6 3. Bd3 h5 4. Nd2 Qg5 5. Qf3 Nc6 6. c3 g6 7. e4 Bh6 8. Nc4 Qg4
9. d5 Qxf3 10. Nxf3 exd5 11. exd5 Nce7 12. Bxh6 Nxh6 13. d6 cxd6 14. Nxd6+ Kd8
15. O-O b6 16. Ng5 Rf8 17. Rad1 Nhf5 18. Nxf5 gxf5 19. Be2 Rg8 20. Nxf7+ Ke8 21.
Bxh5 Bb7 22. Nd6+ Kf8 23. Nxb7 Rg5 24. Bf3 d5 25. Bxd5 Nxd5 26. Rxd5 Rb8 27. Nd8
Rg8 28. Nc6 Rb7 29. Rd8+ Kg7 30. Rxg8+ Kxg8 31. Re1 Rc7 32. Nd4 Rc5 33. f4 Kg7
34. Ne6+ 1-0

[Event "Challenge"]
[Site "http://www.queenalice.com/game.php?id=933778"]
[Date "2011.5.4"]
[Round "-"]
[White "ArneBausH"]
[Black "parisbestfriend"]
[Result "0-1"]
[WhiteElo "1539"]
[BlackElo "1433"]

1. e3 Nf6 2. Qf3 Nc6 3. b3 d5 4. d4 g6 5. Nc3 Bg7 6. Ba3 e5 7. dxe5 Nxe5 8. Qg3
Nh5 9. Qxe5+ Bxe5 10. Bb2 d4 11. exd4 Qxd4 12. Nf3 Qxc3+ 13. Bxc3 Bxc3+ 14. Nd2
Bxa1 15. Be2 Bf5 16. g4 Bxc2 17. gxh5 O-O-O 18. Nf3 Rhe8 19. Kf1 gxh5 20. Kg2
Bc3 21. Bc4 f5 22. Rc1 Be4 23. Rxc3 c6 24. Bf7 Re7 25. Bxh5 f4 26. Rc4 Rd5 27.
Bg4+ Kc7 28. Rxe4 Rxe4 29. Nh4 Rg5 30. f3 Re2+ 31. Kh3 Rxa2 32. Ng2 Ra3 33. Kh4
Rg7 34. Nxf4 Re7 35. Kh5 Rxb3 36. h4 a5 37. Ne6+ Kb6 38. Nf8 a4 39. f4 a3 40.
Bd1 Rb5+ 0-1

[Event "Challenge"]
[Site "http://www.queenalice.com/game.php?id=933779"]
[Date "2011.5.4"]
[Round "-"]
[White "parisbestfriend"]
[Black "ArneBausH"]
[Result "1-0"]
[WhiteElo "1467"]
[BlackElo "1473"]

1. Nc3 e6 2. Nf3 g6 3. d4 f5 4. d5 Bh6 5. dxe6 dxe6 6. Qxd8+ Kxd8 7. Bxh6 Nxh6
8. O-O-O+ Bd7 9. g3 Ng4 10. Bg2 Nxf2 11. Ne5 Rf8 12. Bxb7 Nxd1 13. Bxa8 Nxc3 14.
bxc3 f4 15. Nxd7 Nxd7 16. Rd1 Kc8 17. g4 Ne5 18. g5 f3 19. exf3 Nxf3 20. Bc6
Nxh2 21. Rd7 Rf1+ 22. Kd2 Nf3+ 23. Ke2 Ne5 24. Rxh7 Nxc6 25. Kxf1 Ne5 26. Rh6 c5
27. Kg2 a5 28. Kg3 Kd7 29. Kf4 Nf7 30. Rxg6 Kd6 31. Rg7 e5+ 32. Ke4 Nh8 33. Rg8
Nf7 34. g6 Ng5+ 35. Kf5 Ne6 36. Kf6 e4 37. Rh8 e3 38. g7 Nxg7 39. Kxg7 Ke5 40.
Rh1 Ke4 41. Kf6 Kf3 42. Ke5 e2 43. Re1 Kf2 44. Ra1 Ke3 45. Kd5 c4 46. Kxc4 Kd2
47. Kb3 a4+ 48. Kb2 a3+ 49. Kb3 e1=Q 50. Rxe1 1-0

[Event "AUTO-OPEN-2363"]
[Site "http://www.queenalice.com/game.php?id=938632"]
[Date "2011.5.16"]
[Round "1"]
[White "helderdinizcp"]
[Black "ArneBausH"]
[Result "1-0"]
[WhiteElo "1566"]
[BlackElo "1484"]

1. f4 e6 2. e4 Qh4+ 3. g3 Qe7 4. Nf3 f6 5. d4 d5 6. e5 f5 7. Nc3 c6 8. Be3 b6 9.
Bd3 h5 10. a3 Nh6 11. h3 a5 12. Rg1 b5 13. a4 b4 14. Ne2 Ba6 15. b3 Bxd3 16.
cxd3 Nf7 17. Nh4 Rh6 18. Qc2 g5 19. Nf3 h4 20. fxg5 Rh8 21. gxh4 Na6 22. Nf4 Rc8
23. Ng6 Qc7 24. Nxh8 Nxh8 25. g6 c5 26. Ng5 Qe7 27. h5 Rc7 28. Rc1 cxd4 29. Qd2
Rc3 30. Bxd4 Rxb3 31. Rc8+ Kd7 32. Qc2 Rc3 33. Bxc3 Kxc8 34. Bxb4+ Qc7 35. Qxc7+
Nxc7 36. Bxf8 Ne8 37. Nxe6 1-0

[Event "AUTO-OPEN-2363"]
[Site "http://www.queenalice.com/game.php?id=938633"]
[Date "2011.5.16"]
[Round "1"]
[White "ArneBausH"]
[Black "helderdinizcp"]
[Result "0-1"]
[WhiteElo "1515"]
[BlackElo "1546"]

1. e3 e5 2. Qf3 d5 3. g3 Nf6 4. d3 Bg4 5. Qg2 e4 6. d4 c5 7. h3 cxd4 8. hxg4
dxe3 9. fxe3 Nxg4 10. Be2 h5 11. Bxg4 Qg5 12. Be2 Nc6 13. g4 Nd4 14. Bd1 Rc8 15.
c3 Bb4 16. Qd2 Bd6 17. Qxd4 Bg3+ 18. Kd2 b6 19. Nh3 Qh4 20. Qxg7 Ke7 21. b3 Rhg8
22. Ba3+ Bd6 23. Bxd6+ Kxd6 24. Qh6+ Rg6 25. Qf4+ Ke7 26. Qe5+ Re6 27. Qxd5 Rd8
28. Qxd8+ Kxd8 29. a4 hxg4 30. Nf2 Qxf2+ 31. Be2 Rd6+ 0-1

[Event "AUTO-OPEN-2363"]
[Site "http://www.queenalice.com/game.php?id=938660"]
[Date "2011.5.16"]
[Round "1"]
[White "ArneBausH"]
[Black "YERK"]
[Result "0-1"]
[WhiteElo "1473"]
[BlackElo "1818"]

1. e3 d5 2. Nh3 e5 3. c3 Nf6 4. f4 Bxh3 5. gxh3 exf4 6. exf4 Ne4 7. Qe2 Qh4+ 8.
Kd1 Be7 9. Qb5+ Nd7 10. Qxb7 O-O 11. Qxc7 Nf2+ 12. Kc2 Nxh1 13. Qxd7 Rfd8 14.
Qg4 Nf2 15. Qg3 Qxg3 16. hxg3 Ne4 17. g4 Rac8 18. d3 Nc5 19. Be3 Rd7 20. Nd2 a5
21. Re1 Ne6 22. f5 Nc7 23. Bb6 a4 24. a3 Bh4 25. Re2 Nb5 26. Nf3 Bg3 27. Bc5 h6
28. Bd4 Nxd4+ 29. Nxd4 Bh4 30. Nf3 Bf6 31. d4 Re7 32. Rg2 Re3 33. Ba6 Rc7 34.
Rf2 Re4 35. Bd3 Rf4 36. Kd2 Bg5 37. h4 Rxf3+ 38. Ke2 Rxf2+ 39. Kxf2 Bxh4+ 0-1

[Event "AUTO-OPEN-2363"]
[Site "http://www.queenalice.com/game.php?id=938661"]
[Date "2011.5.16"]
[Round "1"]
[White "YERK"]
[Black "ArneBausH"]
[Result "1-0"]
[WhiteElo "1687"]
[BlackElo "1493"]

1. d4 e6 2. c4 c6 3. Nc3 b6 4. Nf3 Ba6 5. e4 b5 6. cxb5 cxb5 7. Bxb5 Bxb5 8.
Nxb5 Qa5+ 9. Nc3 Nf6 10. O-O Bb4 11. Bd2 Bxc3 12. Bxc3 Qb5 13. Re1 Nc6 14. d5
Ne7 15. Qe2 Qxe2 16. Rxe2 exd5 17. Bxf6 gxf6 18. exd5 d6 19. Rae1 O-O 20. Rxe7
Rac8 21. Rxa7 Rfe8 22. Rxe8+ Rxe8 23. Kf1 Rc8 24. b4 Kg7 25. a4 Rb8 26. b5 Rc8
27. b6 Rc1+ 28. Ke2 Rc2+ 29. Nd2 Rb2 30. a5 Kg6 31. Rd7 Ra2 32. b7 Rb2 33. a6
1-0

[Event "AUTO-OPEN-2363"]
[Site "http://www.queenalice.com/game.php?id=938662"]
[Date "2011.5.16"]
[Round "1"]
[White "ArneBausH"]
[Black "danielporrasarias"]
[Result "0-1"]
[WhiteElo "1457"]
[BlackElo "1739"]

1. e3 e5 2. d4 e4 3. Qg4 d5 4. Qg3 Nf6 5. Be2 h6 6. b3 g5 7. f3 exf3 8. gxf3 Bd6
9. Qf2 Bf5 10. Bd3 Bxd3 11. cxd3 c6 12. Bd2 Nbd7 13. h4 Rg8 14. hxg5 Rxg5 15.
Rxh6 Bg3 16. Rh8+ Nf8 17. Rxf8+ Kxf8 18. Qxg3 Rxg3 19. Kf2 Rg6 20. Nc3 Qd6 21.
Nge2 Qh2+ 22. Ke1 Qh1+ 0-1

[Event "AUTO-OPEN-2363"]
[Site "http://www.queenalice.com/game.php?id=938663"]
[Date "2011.5.16"]
[Round "1"]
[White "danielporrasarias"]
[Black "ArneBausH"]
[Result "1-0"]
[WhiteElo "1778"]
[BlackElo "1411"]

1. e4 e6 2. d4 Nf6 3. e5 Nd5 4. Bc4 c6 5. Bxd5 cxd5 6. a3 g6 7. Nf3 Bg7 8. Nc3
d6 9. exd6 Qxd6 10. O-O O-O 11. Be3 b6 12. Qd2 Nd7 13. Bh6 Ba6 14. Rfe1 Rfe8 15.
Bxg7 Kxg7 16. Nd1 Rac8 17. Ne3 Qf4 18. c3 h5 19. b4 g5 20. a4 e5 21. dxe5 Nxe5
22. Qxd5 Nxf3+ 23. gxf3 Re5 24. Qd7 g4 25. fxg4 h4 26. Nf5+ Rxf5 27. Qxf5 Qxf5
28. gxf5 1-0

[Event "AUTO-OPEN-2364"]
[Site "http://www.queenalice.com/game.php?id=939072"]
[Date "2011.5.17"]
[Round "1"]
[White "ven10"]
[Black "ArneBausH"]
[Result "1-0"]
[WhiteElo "1581"]
[BlackElo "1446"]

1. e4 e6 2. d4 d6 3. c4 b6 4. Nf3 Bb7 5. Bd3 Nf6 6. Qe2 Na6 7. Nc3 c5 8. d5 e5
9. O-O Qd7 10. Ne1 O-O-O 11. a3 h5 12. b4 g6 13. b5 Nc7 14. a4 Bh6 15. Bxh6 Rxh6
16. a5 h4 17. axb6 axb6 18. Ra7 h3 19. g3 Qg4 20. Qxg4+ 1-0

[Event "AUTO-OPEN-2364"]
[Site "http://www.queenalice.com/game.php?id=939073"]
[Date "2011.5.17"]
[Round "1"]
[White "ArneBausH"]
[Black "ven10"]
[Result "0-1"]
[WhiteElo "1435"]
[BlackElo "1592"]

1. e3 c5 2. Qh5 d6 3. Bc4 e6 4. Nh3 Nf6 5. Bb5+ Nc6 6. Bxc6+ bxc6 7. Qf3 Bd7 8.
d3 Be7 9. g4 O-O 10. g5 Nd5 11. Rg1 Rb8 12. a3 e5 13. e4 Nc7 14. b4 cxb4 15.
axb4 Rxb4 16. Ba3 Rb8 17. Nc3 Qc8 18. Rb1 Rxb1+ 19. Nxb1 Bxh3 20. Rg3 Be6 0-1

[Event "AUTO-OPEN-2364"]
[Site "http://www.queenalice.com/game.php?id=939098"]
[Date "2011.5.17"]
[Round "1"]
[White "VICSAR"]
[Black "ArneBausH"]
[Result "1-0"]
[WhiteElo "1643"]
[BlackElo "1425"]

1. e4 d5 2. exd5 Qxd5 3. Nc3 Qe6+ 4. Be2 g6 5. Nf3 b6 6. O-O Bb7 7. Re1 h5 8.
Bb5+ Qc6 9. Bxc6+ Bxc6 10. d4 Bxf3 11. Qxf3 c6 12. Bg5 f5 13. Ne2 Na6 14. Qxc6+
Kf7 15. Qxa8 Nb4 16. Rec1 Nh6 17. Qxa7 Ke6 18. Qxb6+ Kd5 19. c4+ 1-0

[Event "AUTO-OPEN-2364"]
[Site "http://www.queenalice.com/game.php?id=939099"]
[Date "2011.5.17"]
[Round "1"]
[White "ArneBausH"]
[Black "VICSAR"]
[Result "0-1"]
[WhiteElo "1418"]
[BlackElo "1650"]

1. e3 c5 2. Qf3 d6 3. Bc4 Nf6 4. h3 Nc6 5. Bd5 Nxd5 6. Qxd5 Be6 7. Qd3 g6 8. Nc3
Bg7 9. b3 O-O 10. Bb2 Nb4 11. Qe4 Bf5 12. Qf4 Nxc2+ 13. Kd1 Nxa1 14. g4 Bxc3 15.
Bxc3 Nc2 16. gxf5 Nb4 17. a3 Nd5 18. Qg5 Nxc3+ 19. Kc2 Ne4 0-1

[Event "AUTO-OPEN-2364"]
[Site "http://www.queenalice.com/game.php?id=939114"]
[Date "2011.5.17"]
[Round "1"]
[White "Betim_Xadrez"]
[Black "ArneBausH"]
[Result "1-0"]
[WhiteElo "1813"]
[BlackElo "1450"]

1. e4 e6 2. d4 d5 3. exd5 Qxd5 4. Nc3 Qd6 5. Nf3 b6 6. Bd3 Bb7 7. O-O g6 8. Be3
Qc6 9. Bb5 Na6 10. Bxc6+ Bxc6 11. Qd3 Nb4 12. Qd2 Bxf3 13. gxf3 Rd8 14. Qe2 Bh6
15. Bxh6 Rxd4 16. a3 Nd5 17. Nxd5 Rxd5 18. Be3 Nf6 19. Bh6 c6 20. Bg7 Rg5+ 21.
Kh1 Rg8 22. Bxf6 Rf5 23. Bc3 g5 24. Rad1 Ke7 25. Qa6 1-0

[Event "AUTO-OPEN-2364"]
[Site "http://www.queenalice.com/game.php?id=939115"]
[Date "2011.5.17"]
[Round "1"]
[White "ArneBausH"]
[Black "Betim_Xadrez"]
[Result "0-1"]
[WhiteElo "1452"]
[BlackElo "1826"]

1. e3 e5 2. d4 exd4 3. Qxd4 Nc6 4. Qe4+ Be7 5. b3 Nf6 6. Qf3 d5 7. Bb2 Nb4 8.
Bb5+ c6 9. Bd3 O-O 10. Bc3 Nxd3+ 11. Ke2 Bg4 12. Qxg4 Nxg4 13. cxd3 Bf6 14. d4
Nh6 15. Nh3 Qb6 16. Na3 Be7 17. b4 Bxb4 18. Rab1 Qa6+ 19. Kd2 Bxc3+ 20. Kxc3
Qxa3+ 21. Rb3 Qxa2 22. Rxb7 Rab8 23. Rxb8 Rxb8 24. Rc1 Rb3# 0-1